|
|
|
|
| LEADER |
00000cam a22000004a 4500 |
| 001 |
musev2_96115 |
| 003 |
MdBmJHUP |
| 005 |
20230905053218.0 |
| 006 |
m o d |
| 007 |
cr||||||||nn|n |
| 008 |
020123s2002 txu o 00 0 eng d |
| 010 |
|
|
|z 2001008472
|
| 020 |
|
|
|a 9780292795068
|
| 020 |
|
|
|z 0292771193
|
| 020 |
|
|
|z 0292795068
|
| 020 |
|
|
|z 9780292771192
|
| 040 |
|
|
|a MdBmJHUP
|c MdBmJHUP
|
| 100 |
1 |
|
|a Rylander, Michael K.
|
| 245 |
1 |
4 |
|a The Behavior of Texas Birds /
|c by Kent Rylander.
|
| 250 |
|
|
|a 1st ed.
|
| 264 |
|
1 |
|a Austin :
|b University of Texas Press,
|c 2002.
|
| 264 |
|
3 |
|a Baltimore, Md. :
|b Project MUSE,
|c 0000
|
| 264 |
|
4 |
|c ©2002.
|
| 300 |
|
|
|a 1 online resource:
|b illustrations.
|
| 336 |
|
|
|a text
|b txt
|2 rdacontent
|
| 337 |
|
|
|a computer
|b c
|2 rdamedia
|
| 338 |
|
|
|a online resource
|b cr
|2 rdacarrier
|
| 490 |
0 |
|
|a The Corrie Herring Hooks series ;
|v no. 53
|
| 588 |
|
|
|a Description based on print version record.
|
| 650 |
|
7 |
|a NATURE / Birdwatching Guides
|2 bisacsh
|
| 650 |
|
7 |
|a Birds
|x Behavior.
|2 fast
|0 (OCoLC)fst00832976
|
| 650 |
|
7 |
|a NATURE
|x Animals
|x Birds.
|2 bisacsh
|
| 650 |
|
7 |
|a NATURE
|x Birdwatching Guides.
|2 bisacsh
|
| 650 |
|
7 |
|a SCIENCE
|x Life Sciences
|x Zoology
|x Ornithology.
|2 bisacsh
|
| 650 |
|
6 |
|a Oiseaux
|x Moeurs et comportement
|z Texas.
|
| 650 |
|
0 |
|a Birds
|x Behavior
|z Texas.
|
| 651 |
|
7 |
|a Texas.
|2 fast
|0 (OCoLC)fst01210336
|
| 655 |
|
0 |
|a Electronic book.
|
| 655 |
|
7 |
|a Electronic books.
|2 local
|
| 710 |
2 |
|
|a Project Muse.
|e distributor
|
| 830 |
|
0 |
|a Book collections on Project MUSE.
|
| 856 |
4 |
0 |
|z Texto completo
|u https://projectmuse.uam.elogim.com/book/96115/
|
| 945 |
|
|
|a Project MUSE - Custom Collection
|